[Event "Unterfranken-ch HB 63th"]
[Site "Schweinfurt"]
[Date "2012.04.13"]
[Round "7"]
[White "Lehmann, Andreas1111"]
[Black "Engelbrecht, Lukas"]
[Result "1/2-1/2"]
[WhiteElo "953"]
[BlackElo "752"]
[PlyCount "59"]
[EventDate "2012.04.09"]
[EventType "swiss"]
[EventRounds "9"]
[EventCountry "GER"]
[SourceTitle "EXT 2015"]
[Source "ChessBase"]
[SourceDate "2014.11.20"]
[SourceVersion "1"]
[SourceVersionDate "2014.11.20"]
[SourceQuality "1"]

1. e4 e5 2. Nf3 Nf6 3. Be2 Nc6 4. d3 d5 5. 0-0 dxe4 6. dxe4 Qxd1 7. Rxd1 Nxe4 8. Be3 Bc5 9. Bxc5 Nxc5 10. Bc4 0-0 11. Rd5 b6 12. Nc3 Be6 13. Nb5 Bxd5 14. Bxd5 Na5 15. Bxa8 Rxa8 16. Nxc7 Rc8 17. b4 Rxc7 18. bxa5 bxa5 19. Nxe5 Re7 20. Nc6 Re2 21. Rb1 h6 22. g3 Rxc2 23. Rb5 Nd3 24. Rf5 Rxa2 25. Ne7+ Kf8 26. Nc6 a4 27. Nxa7 a3 28. Nb5 Ra1+ 29. Kg2 a2 30. Nc3 1/2-1/2

[Event "Unterfranken-ch HA 62th"]
[Site "Gerolzhofen"]
[Date "2011.04.29"]
[Round "6"]
[White "Engelbrecht, Lukas"]
[Black "Raab, Franziska"]
[Result "0-1"]
[WhiteElo "732"]
[BlackElo "744"]
[PlyCount "148"]
[EventDate "2011.04.25"]
[EventType "swiss"]
[EventRounds "9"]
[EventCountry "GER"]
[SourceTitle "EXT 2015"]
[Source "ChessBase"]
[SourceDate "2014.11.20"]
[SourceVersion "1"]
[SourceVersionDate "2014.11.20"]
[SourceQuality "1"]

1. e4 e5 2. Nf3 Nc6 3. Nc3 Nf6 4. d4 d6 5. dxe5 dxe5 6. Qxd8+ Nxd8 7. Nxe5 Bd6 8. Bg5 Bxe5 9. Bxf6 Bxf6 10. Bb5+ Bd7 11. Bxd7+ Kxd7 12. 0-0-0+ Ke6 13. Nb5 Bg5+ 14. Kb1 Bf4 15. g3 c6 16. gxf4 cxb5 17. f5+ Ke7 18. Rhe1 Nc6 19. e5 Rac8 20. Rc1 Nd4 21. f6+ gxf6 22. exf6+ Kxf6 23. c3 Nf3 24. Rh1 b4 25. cxb4 Nd2+ 26. Ka1 Rxc1+ 27. Rxc1 Rd8 28. b3 Rd6 29. Kb2 Nf3 30. h3 Rd2+ 31. Rc2 Rxc2+ 32. Kxc2 Ng1 33. h4 Kg6 34. a4 Nf3 35. Kc3 Ne5 36. b5 Nd7 37. Kc4 b6 38. Kb4 Kh5 39. a5 bxa5+ 40. Kxa5 Nb8 41. b6 axb6+ 42. Kxb6 Kxh4 43. Kc7 Na6+ 44. Kb6 Nb4 45. Kb5 Nc2 46. b4 Nxb4 47. Kxb4 h5 48. Kc4 Kg4 49. Kd3 Kf3 50. Kd4 Kxf2 51. Ke4 Kg3 52. Ke3 h4 53. Ke2 Kg2 54. Ke3 h3 55. Ke4 h2 56. Ke5 h1Q 57. Kd4 Qe1 58. Kd3 Kf2 59. Kd4 Qe3+ 60. Kd5 Ke2 61. Kd6 Qg5 62. Kc6 Kd3 63. Kd6 Ke4 64. Kc6 Kd4 65. Kd6 Qd5+ 66. Ke7 Qc6 67. Kxf7 Kd5 68. Kg7 Ke5 69. Kf7 Qb6 70. Kg7 Kf5 71. Kf8 Qb7 72. Ke8 Kf6 73. Kd8 Ke6 74. Ke8 Qc8# 0-1

[Event "Unterfranken-ch HA 62th"]
[Site "Gerolzhofen"]
[Date "2011.04.28"]
[Round "5"]
[White "Walther, Wolfgang"]
[Black "Engelbrecht, Lukas"]
[Result "1-0"]
[WhiteElo "1270"]
[BlackElo "732"]
[PlyCount "89"]
[EventDate "2011.04.25"]
[EventType "swiss"]
[EventRounds "9"]
[EventCountry "GER"]
[SourceTitle "EXT 2015"]
[Source "ChessBase"]
[SourceDate "2014.11.20"]
[SourceVersion "1"]
[SourceVersionDate "2014.11.20"]
[SourceQuality "1"]

1. c4 e5 2. e3 Nf6 3. Nc3 Nc6 4. d4 exd4 5. exd4 Bb4 6. Bd2 Bxc3 7. Bxc3 0-0 8. Be2 d5 9. c5 Bg4 10. Bxg4 Nxg4 11. Qxg4 Re8+ 12. Ne2 Qf6 13. 0-0 Qe7 14. Ng3 Nd8 15. Rfe1 Ne6 16. Nf5 Qf6 17. Bd2 b6 18. Re5 c6 19. Nh6+ Kf8 20. Nf5 bxc5 21. Rae1 cxd4 22. Nd6 Re7 23. Bg5 Qg6 24. Bxe7+ Kxe7 25. Nf5+ Kf6 26. Qxg6+ hxg6 27. Nh4 g5 28. Nf3 g4 29. Nd2 Rb8 30. b3 Re8 31. f3 gxf3 32. Nxf3 Kg6 33. Nh4+ Kh6 34. g4 g5 35. Nf3 d3 36. Nxg5 d2 37. Rd1 d4 38. Nxf7+ Kg6 39. Nd6 Re7 40. Rxd2 Kf6 41. Re1 Ng5 42. Rf1+ Ke5 43. Nf5 Re6 44. Re2+ Kf6 45. Nxd4+ 1-0